LEADER 01453nam--2200409---450 001 990001226600203316 005 20201124110157.0 035 $a000122660 035 $aUSA01000122660 035 $a(ALEPH)000122660USA01 035 $a000122660 100 $a20031029d1982----km-y0itay0103----ba 101 0 $aita 102 $aIT 105 $aa|||||||001yy 200 1 $aAnziani e società$eatti del 14. Convegno sui problemi internazionali, promosso dall'Istituto di scienze sociali, svoltosi a Recoaro Terme, 10-13 settembre 1981$ftesti raccolti e corretti da Maria Vittoria Nodari 210 $aVicenza$cEdizioni del Rezzara$d1982 215 $aXXIV, 228 p.$cill.$d21 cm 300 $aPubblicazione patrocinata dall'Assessorato alla sanità della Regione Veneto. - N. 4 di una coll. senza tit. 410 0$12001 454 1$12001 461 1$1001-------$12001 606 $aAnziani$xCongressi$z1981 606 $aCongressi$yRecoaro Terme$z1981 676 $a301.435 712 01$aVeneto : Assessorato alla sanità 801 0$aIT$bsalbc$gISBD 912 $a990001226600203316 951 $aII.5. 4277(XV B coll 445/4)$b14694 L.M.$cII.5.$d461763 959 $aBK 969 $aUMA 979 $aSIAV7$b10$c20031029$lUSA01$h1403 979 $aSIAV7$b10$c20031029$lUSA01$h1404 979 $aPATRY$b90$c20040406$lUSA01$h1728 979 $aCOPAT6$b90$c20050801$lUSA01$h1131 996 $aAnziani e società$9630881 997 $aUNISA LEADER 01751nas 2200433 n 450 001 990009076660403321 005 20240229084428.0 011 $a0044-1449 035 $a000907666 035 $aFED01000907666 035 $a(Aleph)000907666FED01 035 $a000907666 091 $2CNR$aP 00087789 100 $a20161109a19699999km-y0itaa50------ba 101 0 $ager 102 $aDE 110 $aauu-------- 200 1 $aZeitschrift für Dialektologie und Linguistik 207 1$a1969- 210 $aWiesbaden$cSteiner-Verlag-Wiesbaden-GmbH 326 $aQuadrimestrale 421 0$12001$aZeitschrift fur Dialektologie und Linguistik. Beihefte 430 0$1001000907707$12001$aZeitschrift für Mundartforschung 452 0$12001$aZeitschrift für Dialektologie und Linguistik 530 0 $aZeitschrift für Dialektologie und Linguistik 675 $a803.0-087 675 $a800 675 $a800.87 675 $a8 801 0$aIT$bACNP$c20090723 859 4 $uhttp://acnp.cib.unibo.it/cgi-ser/start/it/cnr/dc-p1.tcl?catno=59069&person=false&language=ITALIANO&libr=&libr_th=unina1$zBiblioteche che possiedono il periodico 901 $aSE 912 $a990009076660403321 958 $aBRAU. Biblioteca di Ricerca di Area Umanistica$b1969-1982;$eGERMANIA 69$fFLFBC 959 $aFLFBC 996 $aZeitschrift für Dialektologie und Linguistik$9786755 997 $aUNINA AP1 8 $6866-01$aNA072 BRAU. Biblioteca di Ricerca di Area Umanistica$bGERMANIA 69$ePiazza Bellini 56/60, 80133 Napoli (NA)$m(081) 2533948$nit AP2 40$aacnp.cib.unibo.it$nACNP Italian Union Catalogue of Serials$uhttp://acnp.cib.unibo.it/cgi-ser/start/it/cnr/df-p.tcl?catno=59069&language=ITALIANO&libr=&person=&B=1&libr_th=unina&proposto=NO